Los Premios Nobel de Literatura

Saved in:
Bibliographic Details
Format: Book
Language:Spanish
Published: Barcelona Plaza and Janés 1966
Edition:1a. ed
Subjects:
Tags: Add Tag
No Tags, Be the first to tag this record!

MARC

LEADER 00000nam a2200000 a 4500
001 UCH5845
003 CL-VaPUC
008 091029e19660000SP |||||||||||||||||spa|d
082 0 4 |a 891.703  |b PRE  |2 21 
245 1 4 |a Los Premios Nobel de Literatura 
250 |a 1a. ed 
300 |a v 
942 |c BK 
945 |d 20091029 00:00:00  |a rbrito 
260 |a Barcelona  |b Plaza and Janés  |c 1966 
500 |a v.10: Mijail Cholojov 
650 0 |a Novelas rusas   |9 316330 
583 |a last modification  |c 20091029 00:00:00  |k Rodrigo Vera 
999 |c 336883  |d 336881 
952 |0 0  |1 0  |4 0  |6 891_703000000000000_PRE_1966  |7 0  |8 A  |9 428919  |a BIBHIS  |b BIBHIS  |d 2019-11-22  |h v.10  |i 4613341  |o 891.703 PRE 1966  |p 4613341  |r 2025-01-20  |w 2019-11-22  |y BK  |k HIS